000 00618cab a2200193 4500
001 ABS37336
008 090401t1987 xxu||||| |||| 00| 0 eng d
035 _a(Sirsi) u3775
041 _aeng
100 _aEdmonds, J.
245 _aTime-sharing - the Club/Trustee system
260 _c1987
350 _a0
490 _aLaw Society`s Gazette
_v84(1) 7 January 1987, 19-20 (2)
520 _aDescribes the Club/Trustee system , the most commonly used structure for timeshare schemes in the United Kingdom , Malta , Greece and Portugal .
690 _aPROPERTY LAW AND PRACTICE
942 _n0
948 _c04/03/1997
999 _c2298
_d2298